| 000 | 03366nam a22004337a 4500 | ||
|---|---|---|---|
| 005 | 20091217111638.0 | ||
| 008 | 091214t xxu||||| |||| 00| 0 eng d | ||
| 010 | _aB-380450-466 | ||
| 020 |
_a9780143331049 _c299.00 |
||
| 035 | _aB-380450-466 | ||
| 037 | _bUBH | ||
| 040 |
_adpl _bEnglish |
||
| 082 | _aS | ||
| 100 | _aBond, Ruskin | ||
| 245 |
_aThe room of many colours: _cby Ruskin Bond; illustrated by Tapas Guha _btreasury of stories for children / |
||
| 260 |
_aNew Delhi _bPuffin Books _c2009 |
||
| 270 |
_a11 Community Centre, Panchsheel Park, _bNew Delhi _e110017 |
||
| 300 |
_axvi, 325p. _c20cm(pbk) |
||
| 700 | _aGuha, Tapas | ||
| 942 |
_2ddc _cCH _mBON _hS |
||
| 999 |
_c33077 _d33077 |
||